The introduction to dynamical systems and chaos (Record no. 1430784)

MARC details
000 -LEADER
fixed length control field 00566nam a2200205Ia 4500
005 - DATE AND TIME OF LATEST TRANSACTION
control field 20250711132141.0
008 - FIXED-LENGTH DATA ELEMENTS--GENERAL INFORMATION
fixed length control field 008 250516s9999 xx 000 0 eng d
020 ## - INTERNATIONAL STANDARD BOOK NUMBER
International Standard Book Number 9789819976942
040 ## - CATALOGING SOURCE
Language of cataloging eng
Transcribing agency SDCL
041 ## - LANGUAGE CODE
Language code of text/sound track or separate title eng
Source of code eng
084 ## - COLON CLASSIFICATION NUMBER
Classification number B37:4 R4
100 ## - MAIN ENTRY--PERSONAL NAME
Personal name Layek, G. C.
245 #0 - TITLE STATEMENT
Title The introduction to dynamical systems and chaos
250 ## - EDITION STATEMENT
Edition statement 2nd ed.
260 ## - PUBLICATION, DISTRIBUTION, ETC.
Place of publication, distribution, etc. Singapore :
Name of publisher, distributor, etc. Springer,
Date of publication, distribution, etc. 2024.
300 ## - PHYSICAL DESCRIPTION
Extent xvii, 688p.
490 ## - SERIES STATEMENT
Series statement University texts in the mathematical sciences
650 ## - SUBJECT ADDED ENTRY--TOPICAL TERM
Topical term or geographic name entry element Mathematics
942 ## - ADDED ENTRY ELEMENTS (KOHA)
Koha item type Textual
Source of classification or shelving scheme Colon Classification (CC)
100 ## - MAIN ENTRY--PERSONAL NAME
-- 471978
999 ## -
-- 1430784
-- 1430784
Holdings
Withdrawn status Lost status Source of classification or shelving scheme Damaged status Not for loan Home library Current library Date acquired Source of acquisition Inventory number Total checkouts Full call number Barcode Date last seen Price effective from Koha item type
    Colon Classification (CC)     South Campus Library South Campus Library 2025-05-22 Pioneer Book Distributor 83, 06/02/2025   B37:4 R4 SC1691103 2025-05-22 2025-05-22 Textual
Copyright @ Delhi University Library System